Les délires de JVC - Statistiques

Statistiques générales
  • Ce quiz a été pris 84 fois
  • Le résultat moyen est 4 sur 32
Statistiques - réponses
Réponse % Correct
Personne Risitas
86%
Délire Issou
60%
Délire aya
30%
Délire ENT
28%
Délire Chancla
26%
Personne et Délire Celestin
22%
Délire Khey
16%
Délire QLF
16%
Personne Ruquier
16%
Personne et délire Gilbert
14%
Délire Hummer rouge
12%
Délire PAZ
12%
Personne Soral
12%
Délire RSA
10%
Délire 2 Sucres
8%
Personne Zemmour
8%
Délire 10/10
6%
Délire ED
6%
Délire J'y fus
4%
Délire Alerte
2%
Délire AW
2%
Délire Baise la
2%
Délire DDB
2%
Délire El famoso
2%
Délire Gange
2%
Objet Gant Mappa
2%
Délire Jerry
2%
Délire 30 secondes
0%
Délire Bide rouge
0%
Délire El bougnador
0%
Délire esclave
0%
Délire Full puceau
0%
Aucun quiz correspondant
Distribution des résultats
% des personnes avec chaque résultat
Percentile par nombre de réponses
Votre historique - résultats
Vous n’avez pas pris ce quiz